000 00951cam a2200337 i 4500
001 200466574
003 TR-AnTOB
005 20251216111542.0
007 ta
008 251216s1970 caua 001 0 eng d
010 _a 79019094
020 _a0911954066
035 _a1337033
040 _aDLC
_beng
_erda
_cDLC
_dDLC
_dTR-AnTOB
041 0 _aeng
050 0 0 _aTX724.5.C5
_bL44 1970
090 _aTX724.5.C5
_bL44 1970
100 1 _aLee, Gary
_c(Cooking teacher)
_eauthor
_9151164
245 1 4 _aThe wok [a Chinese cook book /
_cGary Lee.
264 1 _aConcord, Calif. :
_bNitty Gritty Productions,
_c[1970]
264 4 _c©1970
300 _a176 pages :
_billustration ;
_c14 cm
336 _atext
_btxt
_2rdacontent
337 _aunmediated
_bn
_2rdamedia
338 _avolume
_bnc
_2rdacarrier
650 0 _aCooking, Chinese.
650 0 _aWok cooking
_9151166
942 _2lcc
_cBK
999 _c200466574
_d84786